KRAMABIKASHAT ASOMIYA KATHASHAILI (Record no. 6064)
[ view plain ]
| 000 -LEADER | |
|---|---|
| fixed length control field | 00398cam a2200169ua 4500 |
| 008 - FIXED-LENGTH DATA ELEMENTS--GENERAL INFORMATION | |
| fixed length control field | 131204n II |||gr||||Z||||||asm |
| 040 ## - CATALOGING SOURCE | |
| Original cataloging agency | MAIN |
| 041 ## - LANGUAGE CODE | |
| -- | English |
| 082 ## - DEWEY DECIMAL CLASSIFICATION NUMBER | |
| Classification number | 891.451 KAT |
| 100 ## - MAIN ENTRY--PERSONAL NAME | |
| Personal name | KATOKY , PRAFULLA . |
| 245 ## - TITLE STATEMENT | |
| Title | KRAMABIKASHAT ASOMIYA KATHASHAILI |
| 260 ## - PUBLICATION, DISTRIBUTION, ETC. | |
| Place of publication, distribution, etc. | GUWAHATI |
| Name of publisher, distributor, etc. | MANI MANIK PRAKASH |
| 300 ## - PHYSICAL DESCRIPTION | |
| Dimensions | 20CM. |
| 942 ## - ADDED ENTRY ELEMENTS (KOHA) | |
| Koha item type | Books |
| 653 ## - INDEX TERM--UNCONTROLLED | |
| Uncontrolled term | Asomiya Sahitya |
| Withdrawn status | Lost status | Damaged status | Not for loan | Collection code | Home library | Current library | Shelving location | Date acquired | Full call number | Barcode | Date last seen | Copy number | Price effective from | Koha item type | Public note |
|---|---|---|---|---|---|---|---|---|---|---|---|---|---|---|---|
| REFASM | Central Library and Information Centre Sibsagar Girls College | Central Library and Information Centre Sibsagar Girls College | ASSAMESE OLD REFERENCE | 02.05.1979 | 891.451 KAT | 05470 | 27.02.2020 | 1 | 27.02.2020 | Books | V |